00279nam a2200121Ia 4500008004100000100001800041245002300059260003300082300000800115650001000123942000700133999001700140190216s9999||||xx |||||||||||||| ||und|| aGyanendrapati 0aHindi - Sanshyatma bRadhakrishna Prakashanc2004 a264 aHindi cBK c16439d16439